Elektronická komunikácia a rozsah využitia komunikačných nástrojov malými a strednými podnikmi

Vývin elektronickej komunikácie. Internet a jeho predchodca. Zhodnotenie súčasného stavu v on-line podnikaní. Realizácia výskumu, ktorý bol zameraný na potreby praxe v procese riadenia a elektronizácie komunikácie a jeho výsledky.

Guardado en:
Detalles Bibliográficos
Autor principal: Surovi, Pavel
Formato: Capítulo de libro
Lenguaje:eslovaco
Materias:
Etiquetas: Agregar Etiqueta
Sin Etiquetas, Sea el primero en etiquetar este registro!

MARC

LEADER 00000naa$a2200000$$$4500
001 0066338
005 20240502071803.9
041 0 |a slo 
044 |a SK 
245 1 0 |a Elektronická komunikácia a rozsah využitia komunikačných nástrojov malými a strednými podnikmi  |c Pavel Surovi 
520 |a Vývin elektronickej komunikácie. Internet a jeho predchodca. Zhodnotenie súčasného stavu v on-line podnikaní. Realizácia výskumu, ktorý bol zameraný na potreby praxe v procese riadenia a elektronizácie komunikácie a jeho výsledky. 
610 2 0 |a komunikácia elektronická 
610 2 0 |a podnik malý 
610 2 0 |a podnik stredný 
610 2 0 |a výskum 
100 1 |a Surovi, Pavel